Catching the trout for extra profit (Record no. 3695)

MARC details
000 -LEADER
fixed length control field 00796cab a2200193 4500
001 - CONTROL NUMBER
control field ABS37684
008 - FIXED-LENGTH DATA ELEMENTS--GENERAL INFORMATION
fixed length control field 090401t1987 xxu||||| |||| 00| 0 eng d
035 ## - SYSTEM CONTROL NUMBER
System control number (Sirsi) u6152
041 ## - LANGUAGE CODE
Language code of text/sound track or separate title eng
100 ## - MAIN ENTRY--PERSONAL NAME
Personal name Jones, C.
245 ## - TITLE STATEMENT
Title Catching the trout for extra profit
260 ## - PUBLICATION, DISTRIBUTION, ETC.
Date of publication, distribution, etc. 1987
350 ## - PRICE (NR) (BK AM CF MU VM SE) [OBSOLETE]
Price 0
490 ## - SERIES STATEMENT
Series statement Countryland
Volume/sequential designation March 1987, 27(1)
520 ## - SUMMARY, ETC.
Summary, etc. Fish farming is expected to grow at a rate of 10% a year for the next ten years, so by 1999 some 40% of white fish will be grown inland and sold at the farm gate. Advice and information are given on establishing and running a fish farm. Trout is the usual crop but other possibilities are considered. Includes a table giving operating costs of a two tank system.
690 ## - LOCAL SUBJECT ADDED ENTRY--TOPICAL TERM (OCLC, RLIN)
Topical term or geographic name as entry element RURAL PRACTICE
942 ## - ADDED ENTRY ELEMENTS (KOHA)
Suppress in OPAC 0
948 ## - LOCAL PROCESSING INFORMATION (OCLC); SERIES PART DESIGNATOR (RLIN)
c (OCLC) 04/03/1997
Holdings
Withdrawn status Lost status Source of classification or shelving scheme Damaged status Not for loan Home library Current library Shelving location Date acquired Total Checkouts Full call number Barcode Date last seen Copy number Price effective from Koha item type
    Dewey Decimal Classification     London London Journal article 14/09/1999   ABS37684 6152-1001 06/08/2019 1 06/08/2019 Journal article